| 000 | 00683nam a2200205Ia 4500 | ||
|---|---|---|---|
| 003 | OSt | ||
| 005 | 20240511095016.0 | ||
| 008 | 210210b1983 xxu||||| |||| 00| 0 eng d | ||
| 040 | _cAL | ||
| 041 | _aKannada | ||
| 082 | _aK894.9 NAGA | ||
| 100 |
_aNAGARAJ (D R). _9133827 _dನಾಗರಾಜ (ಡಿ ಆರ್) |
||
| 245 |
_aAmrata mattu garuda. _bಅಮೃತ ಮತ್ತು ಗರುಡ |
||
| 260 |
_aBengaluru _bPustaka Chandana _c1983 |
||
| 300 | _aviii,192 | ||
| 650 |
_aSahitya Tatvajnana Kuvempu Karanta Bayalata Janapada Anantamurti Masti Rangabhumi Kavya Shivarudrappa Vimarshe _9133828 |
||
| 690 |
_aKannada Criticism _9133829 |
||
| 906 | _a036206 | ||
| 942 |
_2ddc _cBK |
||
| 999 |
_c86662 _d86662 |
||